000
00293 a2200145 4500
001
166467
020
_a
040
_c
Magnum
100
_a
Bastos, Cleverson Leite
240
1
0
_a
Aprendendo logica
_l
por
245
1
0
_a
Aprendendo logica
362
0
_a
1899
697
_a
ENSINO
942
_c
BK
999
_c
166467
_d
166467